The general clauses acts; (Record no. 89063)
[ view plain ]
| 000 -LEADER | |
|---|---|
| fixed length control field | 00641cam a22002171 4500 |
| 001 - CONTROL NUMBER | |
| control field | sa 68019768 |
| 003 - CONTROL NUMBER IDENTIFIER | |
| control field | DLC |
| 005 - DATE AND TIME OF LATEST TRANSACTION | |
| control field | 20260227112719.0 |
| 008 - FIXED-LENGTH DATA ELEMENTS--GENERAL INFORMATION | |
| fixed length control field | 850918s1966 pk c 000 0 eng |
| 010 ## - LIBRARY OF CONGRESS CONTROL NUMBER | |
| LC control number | sa 68019768 |
| 025 ## - OVERSEAS ACQUISITION NUMBER | |
| Overseas acquisition number | PL480:P-E-947 |
| 040 ## - CATALOGING SOURCE | |
| Original cataloging agency | DLC |
| Transcribing agency | DLC |
| Modifying agency | DLC |
| 043 ## - GEOGRAPHIC AREA CODE | |
| Geographic area code | a-pk--- |
| 050 00 - LIBRARY OF CONGRESS CALL NUMBER | |
| Classification number | KPL451 |
| Item number | .M89 1966 |
| 100 1# - MAIN ENTRY--PERSONAL NAME | |
| Personal name | Muzaffar, Raja Muhammad. |
| 245 14 - TITLE STATEMENT | |
| Title | The general clauses acts; |
| Remainder of title | central & provincial with commentary. |
| 250 ## - EDITION STATEMENT | |
| Edition statement | [1st ed.] |
| 260 ## - PUBLICATION, DISTRIBUTION, ETC. | |
| Place of publication, distribution, etc. | Lahore, |
| Name of publisher, distributor, etc. | Federal Law Publications, |
| Date of publication, distribution, etc. | 1966. |
| 300 ## - PHYSICAL DESCRIPTION | |
| Extent | ix, 164, 87 p. |
| Other physical details | port. |
| Dimensions | 25 cm. |
| 650 #0 - SUBJECT ADDED ENTRY--TOPICAL TERM | |
| Topical term or geographic name entry element | Law |
| Geographic subdivision | Pakistan |
| General subdivision | Interpretation and construction. |
No items available.